|
|
|
|
| LEADER |
00000nam2a2200000 4500 |
| 001 |
324226 |
| 005 |
20231102003640.0 |
| 035 |
|
|
|a (RuTPU)RU\TPU\book\349823
|
| 035 |
|
|
|a RU\TPU\book\350242
|
| 035 |
|
|
|a RU\TPU\book\350243
|
| 090 |
|
|
|a 324226
|
| 100 |
|
|
|a 20161118d1957 k y0rusy50 ca
|
| 101 |
0 |
|
|a rus
|
| 102 |
|
|
|a RU
|
| 105 |
|
|
|a a z 001zb
|
| 200 |
0 |
|
|a Вып. 24 : Исследования в области химии и технологии силикатов и других неорганических веществ
|e [сборник]
|f отв. ред. М. А. Матвеев
|
| 210 |
|
|
|a Москва
|c Промстройиздат
|d 1957
|
| 215 |
|
|
|a 463 с.
|c ил.
|
| 300 |
|
|
|a Сборник посвящается памяти профессора, доктора технических наук В. Н. Юнга
|
| 320 |
|
|
|a Библиогр. в конце ст.
|
| 461 |
|
1 |
|0 (RuTPU)RU\TPU\book\349137
|t Труды Московского химико-технологического института им. Д. И. Менделеева
|f Московский химико-технологический институт им. Д. И. Менделеева (МХТИ)
|v Вып. 24 : Исследования в области химии и технологии силикатов и других неорганических веществ
|d 1932-1989
|
| 600 |
|
1 |
|a Юнг
|b В. Н.
|c российский ученый, специалист в области технологии силикатов
|f 1882-1956
|g Владимир Николаевич
|2 stltpush
|3 (RuTPU)RU\TPU\pers\37856
|9 20547
|
| 606 |
1 |
|
|a Силикаты
|x Химическая технология
|2 stltpush
|3 (RuTPU)RU\TPU\subj\34482
|9 56417
|
| 610 |
1 |
|
|a строительные материалы
|
| 610 |
1 |
|
|a деформация
|
| 610 |
1 |
|
|a цементы
|
| 610 |
1 |
|
|a силикаты
|
| 610 |
1 |
|
|a гипс
|
| 610 |
1 |
|
|a прочность
|
| 610 |
1 |
|
|a минеральные добавки
|
| 610 |
1 |
|
|a охлаждение
|
| 610 |
1 |
|
|a технология
|
| 610 |
1 |
|
|a производство
|
| 675 |
|
|
|a 666
|v 4
|
| 702 |
|
1 |
|a Матвеев
|b М. А.
|4 340
|
| 801 |
|
1 |
|a RU
|b 63413507
|c 20161109
|
| 801 |
|
2 |
|a RU
|b 63413507
|c 20171206
|g RCR
|
| 942 |
|
|
|c BK
|